[Event "2nd SCS Open"]
[Site "Bhubaneswar IND"]
[Date "2010.05.24"]
[Round "4"]
[White "Satyapragyan,S"]
[Black "Fenil,S"]
[Result "1-0"]
[WhiteElo "2463"]
[BlackElo "2265"]

1.e4 c5 2.Nf3 e6 3.d4 cxd4 4.Nxd4 Nc6 5.Nc3 Qc7 6.Be3 a6 7.Qd2 Nf6 8.O-O-O Be7
9.f3 h5 10.Nxc6 bxc6 11.Bf4 e5 12.Bg5 d6 13.Bc4 a5 14.Bb3 Be6 15.Bxf6 gxf6
16.f4 Bf8 17.Kb1 Bg4 18.Rdf1 Bh6 19.h3 Be6 20.Qe2 Bxb3 21.axb3 Bxf4 22.Qc4 Qd7
23.g3 Bxg3 24.Rxf6 Rd8 25.Rd1 Bh4 26.Rdxd6  1-0

[Event "2nd SCS Open"]
[Site "Bhubaneswar IND"]
[Date "2010.05.24"]
[Round "5"]
[White "Vorobiov,E"]
[Black "Vaibhav,S"]
[Result "1/2-1/2"]
[WhiteElo "2612"]
[BlackElo "2347"]

1.e4 c5 2.Nf3 e6 3.d4 cxd4 4.Nxd4 Nc6 5.Nc3 Qc7 6.Be3 a6 7.Qd2 Nf6 8.O-O-O Bb4
9.f3 O-O 10.g4 b5 11.g5 Ne8 12.a3 Be7 13.h4 Na5 14.f4 Nc4 15.Bxc4 Qxc4 16.f5 b4
17.axb4 Bxb4 18.Qd3 Qxd3 19.cxd3 Bb7 20.Rhg1 Rc8 21.Kc2 Nd6 22.f6 e5 23.fxg7 Rfe8
24.Nf5 Nxf5 25.exf5 Kxg7 26.h5 Rc6 27.Kb3 Bxc3 28.bxc3 Rec8 29.Rc1 Rd6 30.Kc2 Bf3
31.h6+ Kg8 32.Rce1 e4 33.d4  1/2-1/2

[Event "CICC"]
[Site "Calgary CAN"]
[Date "2010.05.24"]
[Round "9"]
[White "Me,K"]
[Black "Fedorowicz,J"]
[Result "1/2-1/2"]
[WhiteElo "2103"]
[BlackElo "2456"]

1.e4 c5 2.Nf3 Nc6 3.d4 cxd4 4.Nxd4 e6 5.Nc3 Qc7 6.Be3 a6 7.Bd3 Nf6 8.O-O b5
9.h3 Bb7 10.Qe2 Na5 11.Bg5 h6 12.Bh4 Bd6 13.Rae1 Qc5 14.Qe3 g5 15.Bg3 Bf4
16.Bxf4 gxf4 17.Qxf4 Qxd4 18.Ne2 Nd5 19.exd5 Qxd5 20.f3 f5 21.Qh4 Nc6 22.Kh1  1/2-1/2

[Event "2nd Kahraman Olgac Mem"]
[Site "Instanbul TUR"]
[Date "2010.05.25"]
[Round "4"]
[White "Firat,B"]
[Black "Kulaots,K"]
[Result "0-1"]
[WhiteElo "2403"]
[BlackElo "2572"]

1.e4 c5 2.Nf3 e6 3.d4 cxd4 4.Nxd4 Nc6 5.Nc3 Qc7 6.Be3 Nf6 7.Qd2 Nxd4 8.Bxd4 e5
9.Nb5 Qb8 10.Be3 a6 11.Nc3 Bb4 12.a3 Nxe4 13.Qd3 Bxc3+ 14.bxc3 Qc7 15.c4 Nc5
16.Qd5 d6 17.O-O-O Ke7 18.Bxc5 Qxc5 19.Qxc5 dxc5 20.Rd5 f6 21.Rxc5 Bd7 22.Bd3 Bc6
23.Re1 a5 24.Be4 Kd6 25.Rb5 Bxb5 26.cxb5 Kc7 27.c4 Kb6 28.Kc2 Rad8 29.Bd5 Kc5
30.Kd3 b6 31.h4 Rde8 32.g4 h5 33.g5 fxg5 34.hxg5 h4 35.Kc3 h3 36.Bc6 h2 37.Rh1 Rh3+
38.f3 Rf8 39.Rd1 Rfxf3+  0-1

[Event "ch-CHN"]
[Site "Xinghua CHN"]
[Date "2010.05.25"]
[Round "2"]
[White "Ji Dan"]
[Black "Zhou Weiqi"]
[Result "1-0"]
[WhiteElo "2379"]
[BlackElo "2585"]

1.e4 c5 2.Nf3 Nc6 3.d4 cxd4 4.Nxd4 e6 5.Nc3 d6 6.Be3 Nf6 7.Be2 Be7 8.O-O O-O
9.f4 e5 10.fxe5 dxe5 11.Nf5 Bxf5 12.Rxf5 Bb4 13.Nd5 Nxe4 14.Nxb4 Nxb4 15.Rxe5 f5
16.Rb5 Qe7 17.c3 Nc6 18.Qb3+ Kh8 19.Rxb7 Qe8 20.Bd4 Nxd4 21.cxd4 Nd6 22.Bb5 Qe4
23.Rd7 Qxd4+ 24.Kh1 Qf6 25.Bc6 Rac8 26.Bf3 Ne4 27.Bxe4 fxe4 28.h3 Rce8 29.Re1 Qg5
30.Rf7 Rxf7 31.Qxf7 Qe5 32.Re3 h6 33.Qf2 a5 34.b3 Kh7 35.Qd2 Qf4 36.Qe1 Re6
37.a3 Qe5 38.b4 a4 39.b5 Qd5 40.Qb4 Qf5 41.Qe1 Qxb5 42.Rxe4 Rf6 43.Qb4 Rf1+
44.Kh2 Qc6 45.Rg4 Qc7+ 46.Rg3 Rf4 47.Qc3 Rc4 48.Qd3+ Kh8 49.Qf5 Rc5 50.Qf3 Rb5
51.Qa8+ Kh7 52.Qe4+ Kh8 53.Qe8+  1-0

[Event "2nd SCS Open"]
[Site "Bhubaneswar IND"]
[Date "2010.05.26"]
[Round "7"]
[White "Deepan,C"]
[Black "Fier,A"]
[Result "1/2-1/2"]
[WhiteElo "2488"]
[BlackElo "2581"]

1.e4 c5 2.Nf3 e6 3.d4 cxd4 4.Nxd4 Nc6 5.Nc3 a6 6.g3 d6 7.Bg2 Bd7 8.O-O Be7
9.Nxc6 Bxc6 10.a4 Nf6 11.Be3 O-O 12.a5 Nd7 13.Qd2 Qc7 14.Na4 Rae8 15.Nb6 Ne5
16.h3 f5 17.f4 Ng6 18.exf5 Rxf5 19.c4 Bf8 20.b4 Ne7 21.Rae1 Nc8 22.g4 Rf7
23.Bxc6 Qxc6 24.Qg2 Qc7 25.Qe4 Ree7 26.Qd3 Nxb6 27.Bxb6 Qd7 28.b5 Re8 29.f5 exf5
30.Rxe8 Qxe8 31.Rxf5 Rxf5 32.Qxf5 Qe1+ 33.Qf1 Qe4 34.Bf2 Be7 35.bxa6 bxa6
36.c5 Qc6 37.Qc4+ Kf8 38.Qe6 Qc7 39.Qf5+ Ke8 40.Qh5+ Kf8 41.Qf5+ Ke8 42.Qh5+ Kf8
43.Qf5+  1/2-1/2

[Event "XXIX Open A"]
[Site "Zalakaros HUN"]
[Date "2010.05.26"]
[Round "1"]
[White "Kernazhitsky,L"]
[Black "Gaal,E"]
[Result "1-0"]
[WhiteElo "2354"]
[BlackElo "2110"]

1.e4 c5 2.Nc3 e6 3.Nf3 Nc6 4.d4 cxd4 5.Nxd4 Nf6 6.Nb3 Bb4 7.Bd3 d5 8.exd5 Qxd5
9.O-O Bxc3 10.bxc3 Ne5 11.Ba3 b6 12.c4 Nxc4 13.Bxc4 Qxc4 14.Qd6  1-0

[Event "III Copa Roggio A"]
[Site "Asuncion PAR"]
[Date "2010.05.27"]
[Round "7"]
[White "Bachmann,Ax"]
[Black "Zambrana,O"]
[Result "1-0"]
[WhiteElo "2563"]
[BlackElo "2504"]

1.e4 c5 2.Nc3 e6 3.Nf3 Nc6 4.d4 cxd4 5.Nxd4 Qc7 6.g3 a6 7.Bg2 Nf6 8.O-O Bc5
9.Nxc6 dxc6 10.Na4 Be7 11.Be3 b5 12.Nb6 Rb8 13.Nxc8 Rxc8 14.a4 O-O 15.Qe2 a5
16.axb5 cxb5 17.Qxb5 Rb8 18.Qxa5 Qxc2 19.e5 Ng4 20.Bd4 Bb4 21.Qa4 Qf5 22.Ba7 Qxe5
23.Bxb8 Rxb8 24.Bf3 Nf6 25.Qc2 h5 26.Qe2 Qf5 27.h4 Bc5 28.Kg2 Bd4 29.Ra8 Rxa8
30.Bxa8 Qa5 31.Bf3 g6 32.Rc1 Kg7 33.Rc4 Qb6 34.b4 e5 35.Qd2 Ne8 36.Rc8 Nf6
37.Rc6 Qb5 38.Rc7 Qb6 39.Rc4 Ne8 40.Qg5 Nd6 41.Rc6 Qxb4 42.Bd5 Qb8 43.Qe7 Qb2
44.Rxd6 Qxf2+ 45.Kh3 Qf5+ 46.Kh2 Bc5 47.Rxg6+ Kxg6 48.Qxc5 Qd7 49.Be4+ f5
50.Bf3 f4 51.Qxe5 fxg3+ 52.Qxg3+ Kh7 53.Be4+ Kh8 54.Qe5+ Kg8 55.Bd5+ Kh7
56.Qxh5+ Kg7 57.Qg5+ Kh7 58.Qh5+ Kg7 59.Qe5+ Kh6 60.Qf6+ Kh7 61.Be4+ Kg8
62.Qg5+ Kh8 63.Qf4 Kg7 64.h5 Qe6 65.Qg3+ Kh8 66.Qf4 Kg7 67.Kg3 Qb3+ 68.Kh4 Qe6
69.Qc7+ Kf8 70.Qd8+ Kg7 71.Qd4+ Kf8 72.Qh8+ Qg8 73.Qf6+ Qf7 74.Qd8+ Qe8 75.Qxe8+ Kxe8
76.Bd5  1-0

[Event "III Copa Roggio C"]
[Site "Asuncion PAR"]
[Date "2010.05.27"]
[Round "7"]
[White "Saldana,I"]
[Black "Laterza,Martin"]
[Result "1-0"]
[WhiteElo "1833"]
[BlackElo "1494"]

1.e4 c5 2.Nf3 Nc6 3.Nc3 e6 4.d4 cxd4 5.Nxd4 Nf6 6.Nxc6 bxc6 7.Bd3 Be7 8.O-O O-O
9.e5 Nd5 10.Ne4 f5 11.exf6 Nxf6 12.Qe2 d5 13.Ng5 Qd6 14.Re1 Re8 15.Bd2 Bf8
16.Bc3 d4 17.Bd2 e5 18.Bc4+ Nd5 19.Qe4 g6 20.Qh4 Qd7 21.Ne4 Bg7 22.h3 Kh8
23.Bg5 Bb7 24.Rad1 Rf8 25.Bxd5 cxd5 26.Nf6 Bxf6 27.Bxf6+ Kg8 28.Rxe5 Qd6
29.Re7 Rf7 30.Rxf7 Kxf7 31.Bxd4  1-0

[Event "2nd SCS Open"]
[Site "Bhubaneswar IND"]
[Date "2010.05.27"]
[Round "8"]
[White "Kasparov,S"]
[Black "Kovalyov,A"]
[Result "1/2-1/2"]
[WhiteElo "2504"]
[BlackElo "2615"]

1.e4 c5 2.Nf3 e6 3.d4 cxd4 4.Nxd4 Nc6 5.Nc3 Qc7 6.Be2 a6 7.O-O Nf6 8.Be3 Be7
9.f4 d6 10.Kh1 Bd7 11.Qe1 O-O 12.Qg3 Rac8 13.Rae1 b5 14.a3 Kh8 15.Nxc6 Bxc6
16.Bd4 Qb7 17.e5 dxe5 18.Bxe5 Ne8 19.Bd3 f5 20.Ne2 Nf6 21.Nd4 Bd5 22.c3 Bc5
23.h3 Qf7 24.Re2 Nd7 25.Nf3 Rfd8 26.Rfe1 h6 27.Kh2 Kh7 28.Kh1 Nf8 29.Nd4 Ng6
30.Re3 Nxe5 31.Rxe5 Bxd4 32.cxd4 Qg6 33.Qf2 Rd6 34.Kh2 h5 35.R1e3 Bc4 36.Rg3 Qf7
37.Bxc4 Rxc4 38.Rd3 Rc7 39.Rd2 Rcd7 40.Qe3 Kg8 41.Re2 Rxd4 42.Rxe6 R4d6 43.Re8+ Kh7
44.Qg3 Rd2 45.R8e5 Rxe2 46.Rxe2  1/2-1/2

[Event "2nd SCS Open"]
[Site "Bhubaneswar IND"]
[Date "2010.05.27"]
[Round "8"]
[White "Barua,D"]
[Black "Vaibhav,S"]
[Result "0-1"]
[WhiteElo "2488"]
[BlackElo "2347"]

1.e4 c5 2.Nf3 e6 3.d4 cxd4 4.Nxd4 Nc6 5.Nc3 Qc7 6.Be2 a6 7.O-O Nf6 8.Be3 Bb4
9.Na4 Be7 10.Nxc6 bxc6 11.Nb6 Rb8 12.Nxc8 Qxc8 13.Bd4 O-O 14.e5 Nd5 15.b3 f6
16.Qd3 Nf4 17.Qe3 Nxe2+ 18.Qxe2 fxe5 19.Bxe5 Rb4 20.c4 Rb7 21.Rad1 Rf7 22.Rd3 Bc5
23.Bd6 Bxd6 24.Rxd6 a5 25.Qd2 Qb8 26.Rb1 Qa7 27.Re1 a4 28.Rd3 Qc5 29.g3 h6
30.Kg2 axb3 31.axb3 Ra7 32.Re4 Qf8 33.b4 Qa8 34.Rxe6 Ra2 35.Qxa2  0-1

[Event "ch-Moscow Final"]
[Site "Moscow RUS"]
[Date "2010.05.28"]
[Round "6"]
[White "Chadaev,N"]
[Black "Grigoriants,S RUS"]
[Result "1-0"]
[WhiteElo "2565"]
[BlackElo "2568"]

1.e4 c5 2.Nf3 e6 3.d4 cxd4 4.Nxd4 Nc6 5.Nc3 a6 6.Be3 Nf6 7.Be2 d6 8.f4 Be7
9.O-O Bd7 10.Kh1 O-O 11.Qe1 b5 12.a3 Rb8 13.Bd3 Qc7 14.Qg3 b4 15.axb4 Rxb4
16.Nf3 Rxb2 17.e5 Ne8 18.Ne4 dxe5 19.fxe5 Nb4 20.Bf4 Nxd3 21.cxd3 Qb7 22.Bh6 Kh8
23.Bc1 Rc2 24.Bg5 Bb4 25.Rab1 Bc6 26.Nd4 Rc4 27.dxc4 Bxe4 28.Rb2 Qa7 29.Rxb4 Qxd4
30.Be3 Qd7 31.h3 a5 32.Rb2 Qc6 33.Rc1 Nc7 34.Rb6 Qa8 35.Bc5 Rc8 36.Bd6 h6
37.Kh2 a4 38.Qf2 Qa5 39.Qd4 Ne8 40.Rb5 Qa8 41.Qd2 Rd8 42.c5 Bc6 43.Ra5 Qb7
44.Rc2 f6 45.Rb2 Qd7 46.Qf4 Kg8 47.Ra6 Rc8 48.Rab6 fxe5 49.Qxe5 Kh7 50.Rb8 Nf6
51.Rxc8 Qxc8 52.Qd4 Ne4 53.Rb8 Qd7 54.Be5 Bd5 55.c6 Qxc6 56.Qa7  1-0

[Event "NAO"]
[Site "Stillwater USA"]
[Date "2010.05.28"]
[Round "2"]
[White "Trammell,G"]
[Black "Temple,J"]
[Result "1-0"]
[WhiteElo "2045"]
[BlackElo "1921"]

1.e4 c5 2.Nf3 e6 3.Nc3 Nc6 4.d4 cxd4 5.Nxd4 Qc7 6.Be3 a6 7.Qd2 Nf6 8.f3 Be7
9.g4 h6 10.O-O-O b5 11.Bd3 Ne5 12.Kb1 Nxd3 13.cxd3 Bb7 14.Rc1 Qd8 15.Nb3 O-O
16.h4 Nh7 17.Rcg1 f5 18.gxf5 exf5 19.Bxh6 Bf6 20.Nc5 Bc6 21.d4 b4 22.Ne2 Kh8
23.Bg5 fxe4 24.Nxe4 Qe7 25.d5 Bb5 26.Nd4 Qe5 27.Bxf6 Nxf6 28.Nxf6 Rxf6 29.Rg5 Qf4
30.Qxf4 Bd3+ 31.Kc1 Rxf4 32.Kd2 Bc4 33.Ke3 Raf8 34.b3 Bb5 35.h5 R4f6 36.Rhg1 R8f7
37.Nxb5 Rxf3+ 38.Kd4 axb5 39.Kc5 Rf2 40.Kxb4 Rxa2 41.Kxb5 Rb2 42.b4 Rf4 43.Rxg7 Rfxb4+
44.Kc5 Rb5+ 45.Kd6 Rb6+ 46.Ke7 Re2+ 47.Kd8 Re5 48.Kc7 Rb5 49.d6 Rxh5 50.Rxd7 Rhc5+
51.Kd8 Rb8+ 52.Ke7 Rd5 53.Rg6 Kh7 54.Re6 Kg7 55.Rc7 Rb6 56.d7  1-0

[Event "Mitropa Cup"]
[Site "Chur SUI"]
[Date "2010.05.29"]
[Round "1"]
[White "Huschenbeth,N"]
[Black "Bosiocic,Mari"]
[Result "1/2-1/2"]
[WhiteElo "2457"]
[BlackElo "2562"]

1.e4 c5 2.Nf3 e6 3.d4 cxd4 4.Nxd4 Nc6 5.Nc3 Qc7 6.Be3 a6 7.Qd2 Nf6 8.O-O-O Bb4
9.f3 O-O 10.g4 b5 11.g5 Ne8 12.Nxc6 dxc6 13.h4 e5 14.h5 Be6 15.g6 Qa5 16.Qf2 Bxc3
17.bxc3 fxg6 18.Bc5 Rf6 19.Be7 gxh5 20.Bxf6 Qa3+ 21.Kd2 Nxf6 22.Qb6 Rc8 23.Rg1 g6
24.Bd3 a5 25.Rb1 Nd7 26.Qe3 Rf8 27.Qh6 Rxf3 28.Rxg6+ hxg6 29.Qxg6+ Kf8 30.Qxe6 Rf2+
31.Be2 Qe7 32.Qxc6 Qg5+ 33.Kd3 Qg3+ 34.Kd2 Qg5+ 35.Kd3 Qg3+ 36.Kd2 Qf4+ 37.Kd3 Qg3+  1/2-1/2

[Event "2nd SCS Open"]
[Site "Bhubaneswar IND"]
[Date "2010.05.30"]
[Round "11"]
[White "Abhishek,K"]
[Black "Ashwin,J"]
[Result "1/2-1/2"]
[WhiteElo "2261"]
[BlackElo "2457"]

1.e4 c5 2.Nf3 e6 3.d4 cxd4 4.Nxd4 Nc6 5.Nc3 Qc7 6.Be3 a6 7.Qd2 Nf6 8.O-O-O Bb4
9.f3 O-O 10.Kb1 Rb8 11.g4 b5 12.g5 Nh5 13.Nde2 Ne5 14.Ng3 Bxc3 15.bxc3 g6
16.Nxh5 gxh5 17.Bf4 Rb6 18.Bxe5 Qxe5 19.Qd4 Qc7 20.e5 Bb7 21.Bd3 Bd5 22.Rhg1 Rc6
23.Qf4 Qa5 24.Bxh7+ Kxh7 25.Rxd5 exd5 26.g6+ Rxg6 27.Rxg6 Kxg6 28.Qf6+ Kh7
29.Qf5+  1/2-1/2

[Event "NAO"]
[Site "Stillwater USA"]
[Date "2010.05.30"]
[Round "7"]
[White "Jahnke,Gregg"]
[Black "Temple,J"]
[Result "0-1"]
[WhiteElo "1841"]
[BlackElo "1921"]

1.e4 c5 2.Nf3 e6 3.d4 cxd4 4.Nxd4 Nc6 5.Nc3 Qc7 6.Be3 a6 7.Qd2 Nf6 8.f3 Bb4
9.Be2 O-O 10.O-O d5 11.Bg5 Nxd4 12.Qxd4 Bc5  0-1

[Event "XXIX Open A"]
[Site "Zalakaros HUN"]
[Date "2010.05.30"]
[Round "5"]
[White "Groszpeter,A"]
[Black "Horvath,Ad1"]
[Result "1-0"]
[WhiteElo "2530"]
[BlackElo "2494"]

1.e4 c5 2.Nf3 e6 3.d4 cxd4 4.Nxd4 Nc6 5.Nc3 Qc7 6.Be3 Nf6 7.f4 Bb4 8.Nb5 Qa5
9.e5 Nd5 10.Bd2 Nxc3 11.Bxc3 O-O 12.Qd2 f6 13.exf6 Rxf6 14.a3 Bxc3 15.Nxc3 d5
16.O-O-O Bd7 17.g3 Rd8 18.Nb5 Qb6 19.Nd4 Rc8 20.Bh3 Nxd4 21.Qxd4 Qb3 22.Kb1 Rxc2
23.Rd2 Rxd2 24.Qxd2 Bb5 25.Re1 Bd3+ 26.Ka1 Bc4 27.Kb1 Bd3+ 28.Ka1 Bc4 29.Kb1 Qd3+
30.Kc1 Kf7 31.Qa5 Bb3 32.Bxe6+ Kg6 33.Qd2 Qxd2+ 34.Kxd2 a5 35.Kc3 a4 36.Kd4 Rf8
37.Re5 Rd8 38.g4  1-0

[Event "Mitropa Cup"]
[Site "Chur SUI"]
[Date "2010.05.31"]
[Round "3"]
[White "Talla,V"]
[Black "Brunello,S"]
[Result "0-1"]
[WhiteElo "2505"]
[BlackElo "2467"]

1.e4 c5 2.Nf3 e6 3.d4 cxd4 4.Nxd4 Nc6 5.Nc3 Qc7 6.Be3 a6 7.Qd2 Nf6 8.O-O-O Be7
9.f3 b5 10.g4 O-O 11.g5 Nh5 12.Nce2 Nxd4 13.Bxd4 Bb7 14.Ng3 Nf4 15.h4 Rac8
16.Be3 Ng6 17.Qf2 Ne5 18.Bd3 d5 19.Kb1 dxe4 20.Bxe4 Nc4 21.Bxb7 Qxb7 22.Ne4 b4
23.Rd3 Rfd8 24.Rxd8+ Rxd8 25.Bc5 Qd5 26.Be3 a5 27.Qe2 a4 28.Bc1 Qb5 29.Ka1 a3
30.b3 Qe5+ 31.Kb1 Nd2+ 32.Qxd2 Rxd2 33.Nxd2 Qe2 34.f4 Bc5 35.Nc4 Qf3 36.Re1 Bd4
37.Bd2 Bc3 38.Re3 Qf2 39.Rd3 h5 40.Bc1 Qe1 41.Nxa3 bxa3 42.Re3 Qxh4 43.Rxc3 Qe1
44.Rh3 h4 45.c4 Qe4+ 46.Ka1 e5  0-1

[Event "Mitropa Cup"]
[Site "Chur SUI"]
[Date "2010.06.03"]
[Round "6"]
[White "Wyss,J"]
[Black "Doric,D"]
[Result "0-1"]
[WhiteElo "2253"]
[BlackElo "2452"]

1.e4 c5 2.Nf3 e6 3.d4 cxd4 4.Nxd4 Nc6 5.Nc3 Qc7 6.Be3 a6 7.Qd2 Nf6 8.O-O-O Bb4
9.f3 O-O 10.g4 b5 11.h4 Ne5 12.Bf4 Bb7 13.Qh2 d6 14.Bxe5 dxe5 15.Nde2 Rac8
16.h5 Ba5 17.a3 b4 18.axb4 Bxb4 19.g5 Ne8 20.g6 fxg6 21.hxg6 h6 22.Bh3 Rf6
23.Rhg1 a5 24.f4 exf4 25.Nd4 Bxc3 26.bxc3 Qxc3 27.Bxe6+ Rxe6 28.Nxe6 Qa3+
29.Kb1 Bd5 30.Rd3 Ba2+  0-1

[Event "3rd Mayor's Cup"]
[Site "Mumbai IND"]
[Date "2010.06.03"]
[Round "3"]
[White "Situru,N"]
[Black "Khusnutdinov,R"]
[Result "1/2-1/2"]
[WhiteElo "2348"]
[BlackElo "2525"]

1.e4 c5 2.Nf3 e6 3.d4 cxd4 4.Nxd4 Nc6 5.Nc3 Qc7 6.Be2 Nf6 7.O-O Be7 8.Be3 O-O
9.Nb3 a6 10.f4 d6 11.a4 b6 12.Bf3 Bb7 13.g4 Rfe8 14.g5 Nd7 15.Bg2 Bf8 16.Qh5 Nb4
17.Rac1 f5 18.Rf3 g6 19.Qh4 Nc5 20.exf5 exf5 21.Rh3 Bxg2 22.Kxg2 Ra7 23.Nd4 Qf7
24.b3 Rae7 25.Bf2 Ne4 26.Nxe4 Rxe4 27.c4 d5 28.Rd1 Bc5 29.cxd5 Nxd5 30.Rf3 Bd6
31.Kh1 Rxf4 32.Rxf4 Bxf4 33.Nf3 Re4 34.Qh3 Be3 35.Qf1 Kg7 36.Rd3 h6 37.Qa1+ Kh7
38.Bxe3 Rxe3 39.gxh6 Qe7 40.h4 Nf6 41.Rxe3 Qxe3 42.Ng5+ Kxh6 43.Qxf6 Qe1+
44.Kg2 Qe2+  1/2-1/2

[Event "3rd Mayor's Cup"]
[Site "Mumbai IND"]
[Date "2010.06.04"]
[Round "4"]
[White "Negi,P"]
[Black "Himanshu,Sh"]
[Result "1/2-1/2"]
[WhiteElo "2636"]
[BlackElo "2440"]

1.e4 c5 2.Nf3 e6 3.d4 cxd4 4.Nxd4 Nc6 5.Nc3 Qc7 6.Be3 a6 7.Qd2 Nf6 8.O-O-O Bb4
9.f3 Ne5 10.Nb3 b5 11.Kb1 Rb8 12.Qf2 Nc4 13.Bc5 Bxc5 14.Qxc5 Qxc5 15.Nxc5 d6
16.Nb3 d5 17.Bxc4 dxc4 18.Nc5 Nd7 19.Nxd7 Bxd7 20.Rd6 b4 21.Ne2 Bb5 22.c3 Ke7
23.e5 a5 24.Rhd1 Rhc8 25.Kc1 Rb7 26.R1d2  1/2-1/2

[Event "Mitropa Cup"]
[Site "Chur SUI"]
[Date "2010.06.05"]
[Round "8"]
[White "Pacher,M"]
[Black "Roser,K"]
[Result "1-0"]
[WhiteElo "2396"]
[BlackElo "2429"]

1.e4 c5 2.Nf3 Nc6 3.d4 cxd4 4.Nxd4 e6 5.Nc3 Qc7 6.Be3 a6 7.Bd3 b5 8.O-O Bb7
9.Kh1 Nf6 10.Qe2 b4 11.Na4 d5 12.exd5 Nxd5 13.Be4 Nxe3 14.fxe3 Nxd4 15.exd4 Bxe4
16.Qxe4 Rd8 17.a3 a5 18.axb4 axb4 19.c3 b3 20.Qe2 Qc6 21.Qh5 g6 22.Qe5 Rg8
23.Qf6 Rg7 24.Nc5 Rd5 25.Nxe6 Qxe6 26.Ra8+ Kd7 27.Qd8+ Kc6 28.Rc8+ Kb5 29.c4+  1-0

[Event "II Nezhmetdinov Mem"]
[Site "Kazan RUS"]
[Date "2010.06.05"]
[Round "6"]
[White "Bushkov,A"]
[Black "Ivanov,Stepan"]
[Result "1-0"]
[WhiteElo "2266"]
[BlackElo "2099"]

1.e4 c5 2.Nf3 e6 3.d4 cxd4 4.Nxd4 Nc6 5.Nc3 d6 6.Be2 Nf6 7.Be3 Be7 8.O-O O-O
9.f4 e5 10.Nb3 exf4 11.Bxf4 Be6 12.Kh1 d5 13.exd5 Nxd5 14.Nxd5 Qxd5 15.Qxd5 Bxd5
16.Rad1 Rad8 17.c3 f5 18.Rxd5 Rxd5 19.Bc4 Rd8 20.Rd1  1-0

[Event "3rd Mayor's Cup"]
[Site "Mumbai IND"]
[Date "2010.06.05"]
[Round "5"]
[White "Shashikant,K"]
[Black "Khusnutdinov,R"]
[Result "0-1"]
[WhiteElo "2290"]
[BlackElo "2525"]

1.e4 c5 2.Nf3 e6 3.d4 cxd4 4.Nxd4 Nc6 5.Nc3 Qc7 6.Be2 Nf6 7.O-O Be7 8.Be3 O-O
9.f4 d6 10.Kh1 Nxd4 11.Bxd4 e5 12.Be3 b6 13.a4 Bb7 14.Nd5 Bxd5 15.exd5 Nd7
16.Bb5 Bf6 17.c3 exf4 18.Rxf4 Rae8 19.Bg1 Re7 20.a5 Be5 21.Rc4 Qb8 22.Bxd7 Rxd7
23.axb6 axb6 24.Rb4 Rb7 25.Qb3 b5 26.Ra5 Qd8 27.Raxb5 Rxb5 28.Rxb5 h6 29.Qd1 Qf6
30.Rb4 Ra8 31.Bd4 Bxd4 32.Rxd4 Qf2 33.Qc1 Re8 34.Rd1 Re2 35.Rg1 Rxb2 36.Qe1 Qf5
37.c4 Kh7 38.h3 Rc2  0-1

[Event "9th TCh-BIH Premier"]
[Site "Bihac BIH"]
[Date "2010.06.06"]
[Round "2"]
[White "Palac,M"]
[Black "Predojevic,B"]
[Result "1/2-1/2"]
[WhiteElo "2552"]
[BlackElo "2628"]

1.e4 c5 2.Nf3 e6 3.d4 cxd4 4.Nxd4 Nc6 5.Nc3 a6 6.Be2 d6 7.Be3 Bd7 8.a4 Nf6
9.Nb3 Na5 10.Nd2 Be7 11.O-O O-O 12.f4 Rc8 13.Qe1 Nc6 14.Qf2 Nb4 15.Rac1 Bc6
16.Bb6 Qe8 17.Rfd1 Nd7 18.Be3 d5 19.exd5 Nxd5 20.Nxd5 Bxd5 21.c4 Bc6 22.b3 e5
23.fxe5 Nxe5 24.c5 Rd8 25.Nc4 Nxc4 26.Bxc4 Bh4 27.Qxh4 Qxe3+ 28.Qf2 Qxf2+
29.Kxf2 g6 30.Be2 f5  1/2-1/2

[Event "Mitropa Cup"]
[Site "Chur SUI"]
[Date "2010.06.06"]
[Round "9"]
[White "Talla,V"]
[Black "Doric,D"]
[Result "1/2-1/2"]
[WhiteElo "2505"]
[BlackElo "2452"]

1.e4 c5 2.Nf3 e6 3.d4 cxd4 4.Nxd4 Nc6 5.Nc3 Qc7 6.Be3 a6 7.Qd2 Nf6 8.O-O-O Bb4
9.f3 O-O 10.a3 Be7 11.g4 b5 12.g5 Nh5 13.Nce2 Na5 14.Ng3 e5 15.Nxh5 exd4
16.Kb1 dxe3 17.Qd4 f6 18.gxf6 Bxf6 19.Nxf6+ gxf6 20.Qd5+ Kh8 21.Qxa8 Nc6
22.a4 Rd8 23.axb5 Bb7 24.Qxd8+ Nxd8 25.bxa6 Bc8 26.Rd3 Bxa6 27.Rxe3 Bxf1
28.Rxf1 Qxh2 29.Rd3 d6 30.Rfd1 Nf7 31.b4 Qe5 32.Rb3 Qb5 33.Rd5 Qb6 34.f4 Nd8
35.e5 fxe5 36.fxe5 dxe5 37.Rxe5 Qg1+ 38.Ka2 Nc6 39.Re4 Qg2 40.Re8+ Kg7 41.Kb2 h5
42.Rc8 h4 43.b5 Na5 44.Rc7+ Kh6 45.Rb4 h3 46.b6 Qd2 47.Rc3 h2 48.Rh3+ Kg5
49.Rbh4 Qf2 50.Rxh2 Qxb6+ 51.Kc1 Qe3+ 52.Kb1 Nc4 53.Rxc4 Qg1+ 54.Kb2 Qxh2
55.Rc5+ Kf6 56.Rb5 Ke6 57.Rb3 Qe5+ 58.Kb1 Kd6 59.Rd3+ Kc5 60.Rb3 Kc4 61.Rd3  1/2-1/2

[Event "1st Open"]
[Site "Di Roseto ITA"]
[Date "2010.06.06"]
[Round "3"]
[White "Rombaldoni,Ax"]
[Black "Yurenok,M"]
[Result "1-0"]
[WhiteElo "2436"]
[BlackElo "1984"]

1.e4 c5 2.Nf3 e6 3.d4 cxd4 4.Nxd4 Nc6 5.Nc3 Qc7 6.g3 a6 7.Bg2 Nf6 8.O-O Nxd4
9.Qxd4 Bc5 10.Bf4 d6 11.Qd2 h6 12.Rad1 e5 13.Be3 Be6 14.Bxc5 dxc5 15.Nd5 Bxd5
16.exd5 Qd6 17.f4 O-O 18.fxe5 Qxe5 19.c4 Qd6 20.Qf4 Rad8 21.b4 b6 22.bxc5 Qxc5+
23.Kh1 Ne8 24.g4 Rd6 25.Qg3 Qxc4 26.Rfe1 Rd8 27.d6 Nf6 28.g5 hxg5 29.Qxg5 Qg4
30.Qe3 Rfe8 31.Qxb6 Rxe1+ 32.Rxe1 Qc8 33.Rd1 Nd7 34.Qc7 Nf6 35.Rc1 Qb8 36.Bb7 Ne8
37.Qxb8 Rxb8 38.d7 Nd6 39.Bc8  1-0

[Event "Aberto do Brasil"]
[Site "Fortaleza BRA"]
[Date "2010.06.06"]
[Round "6"]
[White "Reis,E"]
[Black "Okamura,M"]
[Result "0-1"]
[WhiteElo "1926"]
[BlackElo "2170"]

1.e4 c5 2.Nf3 e6 3.d4 cxd4 4.Nxd4 Nc6 5.Nc3 Qc7 6.Be2 a6 7.a3 Nf6 8.Nxc6 bxc6
9.O-O d5 10.Bf3 Be7 11.Re1 O-O 12.Bg5 h6 13.Bh4 Nxe4 14.Bxe7 Nxc3 15.bxc3 Qxe7
16.c4 Qc5 17.cxd5 exd5 18.Qd3 a5 19.Re3 Ba6 20.Qf5 Rae8 21.Rae1 Rxe3 22.Rxe3 Qd4
23.h3 Bc8 24.Qh5 Qd2 25.c3 Qc1+ 26.Kh2 Qxa3 27.Qe5 Be6 28.c4 Qa2 29.Be2 Qb1
30.Bd3 Qb8  0-1

[Event "3rd Mayor's Cup"]
[Site "Mumbai IND"]
[Date "2010.06.06"]
[Round "6"]
[White "Udeshi,A"]
[Black "Hera,I"]
[Result "1/2-1/2"]
[WhiteElo "2316"]
[BlackElo "2558"]

1.e4 c5 2.Nf3 e6 3.d4 cxd4 4.Nxd4 Nc6 5.Nc3 Qc7 6.Be3 Nf6 7.f4 Bb4 8.Nb5 Qa5
9.e5 Ne4 10.Qd3 Bxc3+ 11.bxc3 a6 12.Qxe4 axb5 13.Bd2 Qb6 14.Bd3 Ne7 15.Qb4 Nd5
16.Qxb5 Qxb5 17.Bxb5 Ra3 18.c4 Ne3 19.Bxe3 Rxe3+ 20.Kd2 Ra3 21.c3 Ke7 22.Kc2 d6
23.Kb2 Ra7 24.Rad1 dxe5 25.fxe5 f6 26.Rhe1 Rf8 27.a4 b6 28.Kb3 fxe5 29.Rxe5 Rc7
30.Kb4 Rf2 31.c5 bxc5+ 32.Rxc5 Rxc5 33.Kxc5 Rxg2 34.Kb6 e5 35.Kc7 Be6 36.a5 Rb2
37.c4 Rc2 38.Rb1 Bxc4 39.Bxc4 Rxc4+ 40.Kb7 Kd7 41.a6 Rc7+ 42.Kb6 Rc6+ 43.Kb5 Kc7
44.Ra1 Rb6+ 45.Kc5 Rb8 46.a7 Ra8 47.Kd5 Kb7 48.Kxe5 Re8+ 49.Kf5 Ka8 50.h4 Re2  1/2-1/2

[Event "3rd Mayor's Cup"]
[Site "Mumbai IND"]
[Date "2010.06.07"]
[Round "8"]
[White "Ashwin,J"]
[Black "Fier,A"]
[Result "0-1"]
[WhiteElo "2457"]
[BlackElo "2581"]

1.e4 c5 2.Nf3 e6 3.d4 cxd4 4.Nxd4 Nc6 5.Nc3 a6 6.Be2 Qc7 7.O-O Nf6 8.Be3 Be7
9.f4 d6 10.a4 O-O 11.Kh1 Re8 12.Bf3 Rb8 13.g4 Nd7 14.Bg2 Bf8 15.Qd2 Na5 16.Qf2 Nc4
17.Bc1 b6 18.b3 Na5 19.Bb2 Bb7 20.Qh4 Nc6 21.Nde2 Nb4 22.Rf3 Be7 23.g5 Nf8
24.f5 exf5 25.exf5 Bxf3 26.Bxf3 Qc5 27.Ng3 d5 28.Rf1 f6 29.Nh5 fxg5 30.Qxb4 d4
31.Qxc5 bxc5 32.Nd5 Nd7 33.Be2 Bd6 34.Bxa6 Re4 35.Ng3 Rh4 36.Kg2 Ne5 37.f6 g6
38.Bc1 h6 39.Be2 Kf7 40.a5 d3 41.cxd3 Rxb3 42.Ne4 Bb8 43.Bxg5 Rxe4 44.dxe4 hxg5
45.Rc1 Rb2 46.Kf1 Ba7 47.Rc3 c4 48.Bxc4 Bd4 49.Nb6+ Kxf6 50.Rh3 Bxb6 51.axb6 Nxc4
52.Rc3 Nd2+ 53.Ke1 Nxe4 54.Rc6+ Kf5 55.h3 Rb3 56.Ke2 Rxh3 57.b7 Rb3 58.Rc7 Nd6
59.Rc5+ Kf4 60.Rc3 Rxb7  0-1

[Event "3rd Mayor's Cup"]
[Site "Mumbai IND"]
[Date "2010.06.07"]
[Round "8"]
[White "Deepan,C"]
[Black "Hera,I"]
[Result "1/2-1/2"]
[WhiteElo "2488"]
[BlackElo "2558"]

1.e4 c5 2.Nf3 e6 3.d4 cxd4 4.Nxd4 Nc6 5.Nc3 Qc7 6.g3 a6 7.Bg2 Nf6 8.O-O d6
9.Nce2 Nxd4 10.Nxd4 e5 11.Ne2 h6 12.b3 b5 13.a4 bxa4 14.Rxa4 Be7 15.c4 O-O
16.Nc3 Bd7 17.Ra1 a5 18.Bd2 Rfb8 19.Qc2 Qb7 20.Rfb1 Bd8 21.Na4 Bc6 22.f3 Bxa4
23.bxa4 Qa7+ 24.Kh1 Rxb1+ 25.Rxb1 Rc8 26.Qd3 Rc6 27.c5 Bc7 28.Be3 dxc5 29.Bf1 Qa8
30.Qc2 Bb6 31.Bc4 Rd6  1/2-1/2

[Event "3rd Mayor's Cup"]
[Site "Mumbai IND"]
[Date "2010.06.08"]
[Round "9"]
[White "Situru,N"]
[Black "Ashwin,J"]
[Result "0-1"]
[WhiteElo "2348"]
[BlackElo "2457"]

1.e4 c5 2.Nf3 e6 3.d4 cxd4 4.Nxd4 Nc6 5.Nc3 Qc7 6.Be2 a6 7.O-O Nf6 8.Be3 Be7
9.f4 d6 10.a4 O-O 11.Nb3 b6 12.Bf3 Rb8 13.g4 Re8 14.g5 Nd7 15.Bg2 Bf8 16.Qh5 g6
17.Qh4 b5 18.axb5 axb5 19.Rf3 Bg7 20.f5 exf5 21.Rh3 Nf8 22.Nd5 Qd8 23.Rf1 Ne5
24.Nf6+ Bxf6 25.gxf6 Ng4 26.Bd4 Re5 27.exf5 Rxf5 28.Rxf5 Bxf5 29.Bd5 Ne5
30.Re3 Nfd7 31.Bxe5 dxe5 32.Nd4 exd4 33.Bxf7+ Kxf7 34.Re7+ Qxe7 35.fxe7 h5
36.Qxd4 Kxe7 37.c3 Rb6 38.b3 Kd8 39.h4 Re6 40.Kf2 Re5 41.Qd6 Bc2 42.b4 Bf5
43.Qc6 Ke7 44.Kg3 Be6 45.Qc7 Re4 46.Qb7 Rg4+ 47.Kf2 Bc4 48.Qh1 Nf6 49.Qb7+ Nd7
50.Qh1 Kd6 51.Qd1+ Ke6 52.Qh1 Ne5 53.Ke3 Bd5 54.Qa1 Nc4+ 55.Kd3 Rxh4 56.Qa6+ Nd6
57.Qb6 Rh3+ 58.Kd4 Be4  0-1